| 000 | 00497nam a22001457a 4500 | ||
|---|---|---|---|
| 005 | 20250728150405.0 | ||
| 008 | 250728b |||||||| |||| 00| 0 eng d | ||
| 050 |
_aTHE HD 40. M87 2015 _bC. 1 |
||
| 100 | _aMUSA, CHRISTINE KEMUNTO | ||
| 245 |
_aAN ASSESSMENT OF THE EFFECT OF JUST IN TIME ON INVENTORY CONTROL IN MULTINATIONAL ORGANISATIONS _bA CASE STUDT OF KISII BOTTLERS LIMITED |
||
| 260 |
_aKISII _bKSU _c2015 |
||
| 300 | _aX, 35P., ILL: | ||
| 500 | _aINCLUDES REFERENCES | ||
| 942 |
_2lcc _cREF |
||
| 999 |
_c215964 _d215964 |
||